01159 a2200157 4500020001800000082002200018100002500040100001800065245003500083250002400118260003100142300001700173504001900190520073800209650005400947 a9780367444884 a305.420954bFOR-W aForster, Christine  aSagade, Jaya  aWomen's human rights in India  aSouth Asia Edition  bRoutledgec2020aNew York  aviii, 224p.  aInclude Index  aThis book focuses on women's human rights in India. Drawing on case studies, it provides a clear overview of the key sources on gender and rights in the country. Further, it contextualizes women's rights at the critical intersection of caste, religion and class, and analyses barriers to the realization of women's human rights in practice. It also develops strategies for moving forward towards greater recognition, protection, promotion and fulfilment of women's human rights in India. Drawing on critical pedagogical tools to analyse groundbreaking court cases, this book will be a key text in human rights studies. It will be indispensable to students, scholars and researchers of gender studies, sociology, law and human rights. aWomen's rightsvHuman rightsvLegal statuszIndia